| 000 | 00778nam a22002417a 4500 | ||
|---|---|---|---|
| 005 | 20251108173404.0 | ||
| 008 | 250721s2001 xx 000 0 ara d | ||
| 082 | 1 | 4 | _a330.12/دوي |
| 100 | 1 |
_aدويدار، محمد _eمؤلف |
|
| 245 | 1 | 0 | _aمبادئ الإقتصاد السياسي / |
| 264 | 1 |
_aبيروت : _bمنشورات الحلبي الحقوقية، _c2001. |
|
| 300 | _a4ج. | ||
| 650 | 1 | 7 | _aالإقتصاد السياسي |
| 650 | 1 | 7 | _aالإقتصاد الدولي |
| 650 | 1 | 7 | _aالنظام النقدي الدولي |
| 650 | 1 | 7 | _aالنقود |
| 650 | 1 | 7 | _aالرأسمالية |
| 650 | 1 | 7 | _aالإشتراكية |
| 653 | _aالإقتصاد النقدي | ||
| 653 | _aالإقتصاد المالي | ||
| 942 |
_2ddc _cREF |
||
| 999 |
_c102726 _d102726 |
||